000 00568nam a2200205Ia 4500
003 GCL
008 140319s9999 xx 000 0 eng d
040 _aGCL /
_cGCL
082 0 4 _aCC
_b305.42062
_bQ L
100 1 _aAMIHA, SIDHOM P.
245 1 0 _aTHE LIBERATION OF WOMEN /
_cAMIHA, SIDHOM P.
700 1 _aQASIM, AMIN
260 _aالقاهرة :
_bTHE AMERICAN UNIVERSITY IN CAIRO PRESS ،
_c1992
300 _a106 ؛
_c22 cm.
650 0 4 _aEGYPTIAN WOMEN
650 0 4 _aQASIM MARRIAGE
650 0 4 _aDIVORCE
650 0 4 _aEGYPT - HISTORY
942 _2ddc
_cBK
999 _c12525
_d12525